| 000 | 00610nam a22001937a 4500 | ||
|---|---|---|---|
| 003 | OSt | ||
| 005 | 20170213125229.0 | ||
| 008 | 161117b xxu||||| |||| 00| 0 eng d | ||
| 020 | _a9290925833 | ||
| 040 | _cDDC. | ||
| 082 | _a520 REI 2002; | ||
| 100 |
_aReibaldi,Giuseppe;Caprara,Giovanni; _911308 |
||
| 245 |
_aSpace Base Europe: _bHow the international space station is used to improve life on earth: |
||
| 260 |
_aNertherlands. _bEessa European Space Agency, _c2002. |
||
| 300 | _a221p;col,ill;25cm. | ||
| 504 | _aincludes acronyms ,Glossary and index. | ||
| 650 |
_aPhysics, _9809 |
||
| 942 |
_2ddc _cO_SHELF |
||
| 999 |
_c5407 _d5407 |
||